Medagliere Olimpiadi estive Parigi 1924 - Statistics

Statistiche generali
  • Questo quiz è stato fatto 3 volte
  • Il punteggio medio è 4 su 11
Statistiche sulle risposte
Medaglie d'Oro Medaglie d'Argento Medaglie di Bronzo Medaglie complessive Rappresentativa olimpica % Corretto
13 15 10 38 Francia
100%
8 3 5 16 Italia
100%
45 27 27 99 Stati Uniti
100%
3 7 3 13 Belgio
33%
9 13 12 34 Gran Bretagna
33%
4 1 5 10 Paesi Bassi
33%
1 4 5 10 Cecoslovacchia
0%
14 13 10 37 Finlandia
0%
5 2 3 10 Norvegia
0%
4 13 12 29 Svezia
0%
7 8 10 25 Svizzera
0%
Nessun quiz corrispondente trovato
Distribuzione punteggi
Percentuale di utenti per punteggio
Percentile per numero di risposta
I tuoi punteggi nel tempo
Non hai fatto questo quiz